Catálogo público

The nature and prevention of the cereal rusts as examplified in the leaf rust of wheat / (Record no. 200379)

MARC details
000 -CABECERA
campo de control de longitud fija 00880nam a2200289Ia 4500
001 - NÚMERO DE CONTROL
campo de control Para_1899
003 - IDENTIFICADOR DEL NÚMERO DE CONTROL
campo de control CHAP
005 - FECHA Y HORA DE LA ÚLTIMA TRANSACCIÓN
campo de control 20240906130319.0
008 - DATOS DE LONGITUD FIJA--INFORMACIÓN GENERAL
campo de control de longitud fija 220125s1946 xx 000 0 und d
010 ## - NÚMERO DE CONTROL DE LA BIBLIOTECA DEL CONGRESO
Número de control de LC 200379
040 ## - FUENTE DE LA CATALOGACIÓN
Centro/agencia transcriptor CHAP
082 ## - NÚMERO DE LA CLASIFICACIÓN DECIMAL DEWEY
Número de clasificación PA 633.11 C48
100 ## - ENTRADA PRINCIPAL--NOMBRE DE PERSONA
Nombre de persona Chester, K. Starr
9 (RLIN) 165249
245 ## - MENCIÓN DE TÍTULO
Título The nature and prevention of the cereal rusts as examplified in the leaf rust of wheat /
Mención de responsabilidad, etc. by K. Starr Chester
300 ## - DESCRIPCIÓN FÍSICA
Extensión 369 p.
650 ## - PUNTO DE ACCESO ADICIONAL DE MATERIA--TÉRMINO DE MATERIA
Término de materia o nombre geográfico como elemento de entrada 2 Puccinia triticina
9 (RLIN) 165250
650 ## - PUNTO DE ACCESO ADICIONAL DE MATERIA--TÉRMINO DE MATERIA
Término de materia o nombre geográfico como elemento de entrada Roya de los cereales
9 (RLIN) 100379
650 ## - PUNTO DE ACCESO ADICIONAL DE MATERIA--TÉRMINO DE MATERIA
Término de materia o nombre geográfico como elemento de entrada Roya del trigo
9 (RLIN) 100390
650 ## - PUNTO DE ACCESO ADICIONAL DE MATERIA--TÉRMINO DE MATERIA
Término de materia o nombre geográfico como elemento de entrada Trigo
Subdivisión general enfermedades
9 (RLIN) 115017
942 ## - ELEMENTOS DE PUNTO DE ACCESO ADICIONAL (KOHA)
Tipo de ítem Koha Parasitologia_
Fuente del sistema de clasificación o colocación Dewey Decimal Classification
942 ## - ELEMENTOS DE PUNTO DE ACCESO ADICIONAL (KOHA)
Tipo de ítem Koha Parasitologia_
Fuente del sistema de clasificación o colocación Dewey Decimal Classification
260 ## - PUBLICACIÓN, DISTRIBUCIÓN, ETC.
Lugar de publicación, distribución, etc. Waltham, Mass. :
Nombre del editor, distribuidor, etc. Cbroica Botanica Company
901 ## - ELEMENTOS DE DATOS A LOCAL LDA (RLIN)
a PA 633.11 C48
902 ## - ELEMENTOS DE DATOS B LOCAL, LDB (RLIN)
a A
905 ## - ELEMENTOS DE DATOS E LOCAL, LDE (RLIN)
a 0000001946 i 0000000000 00
910 ## - DATOS DE OPCIÓN DEL USUARIO (OCLC)
Datos de opción del usuario 1946
Holdings
Estado de retiro Estado de pérdida Fuente del sistema de clasificación o colocación Estado dañado No para préstamo Código de colección Localización permanente Ubicación/localización actual Fecha de adquisición Número de inventario Total de préstamos Signatura topográfica completa Código de barras Fecha visto por última vez Número de copia Precio válido a partir de Tipo de ítem Koha Nota pública
    Dewey Decimal Classification     General Parasitologia Agricola Parasitologia Agricola 27/10/2005 (PA_7538) (No. UACh C/E)   PA 633.11 C48 4102003135 25/01/2022 Ej.1 25/01/2022 Libro 3